00497nam a2200181 a 450000100060000000300090000600800410001502000150005604000280007108200180009910000190011724500590013626000310019530000110022649000400023765000100027765000280028718717CO-ViMGA141112s2004 ck r 000 u spa d a8475093736 aCO-ViMGAbspacCO-ViMGA04a155.4136 B7851 aBruner, Jerome10aEl Habla del niño : baprendiendo a usar el lenguaje aBarcelona : bpaidos; 1986 a141 p. aCognición y desarrollo humano / 314aHABLA14aLENGUAJE DE LOS NIÑOS